000 00749cam a2200253 4500
999 _c18899
_d18899
001 1352897
003 OSt
005 20200519112238.0
008 711122s1971 ii b b 000 0 eng
010 _a 79923234
040 _coclc
043 _aa-is---
_ama-----
050 0 0 _aDS119.7
_b.W3
082 0 0 _a327.56940174927
_bWAH/A
100 _aWahby, Mohammed
_92419
245 1 0 _aArab quest for peace /
_cMohammed Wahby
260 _aBombay,
_bOrient Longman
_c[1971]
300 _a202 p.
_c22 cm.
350 _aRs16.50
504 _aIncludes bibliographical references.
906 _a7
_bcbc
_corignew
_d4
_encip
_f19
_gy-gencatlg
942 _2ddc
_cBK
_h327.56940174927
_iWAH/A
_k327.56940174927
_mWAH/A